| 000 | 00946cam a22002174a 4500 | ||
|---|---|---|---|
| 005 | 20250605164215.0 | ||
| 008 | 250528s ||||||||||||||||||||||||d | ||
| 035 | _a20434 | ||
| 020 | _a787219614 | ||
| 040 |
_aGR-AtMCL _bgre _dGR-AtMCL _eAACR2 |
||
| 245 | 1 | _aContemporary Business Reports / Written and Oral | |
| 260 |
_bKendall/ Hunt Publishing Company, _c1998 |
||
| 300 | _a420 | ||
| 505 | 0 | _aPreface, Acknowledgements, Fundamentals of Business Reports, The Writing Process, Common Business Reports, Research for Business Reports, Evaluation of Data, Presentation of Business Reports, Cases. | |
| 520 | _aPreface, Acknowledgements, Fundamentals of Business Reports, The Writing Process, Common Business Reports, Research for Business Reports, Evaluation of Data, Presentation of Business Reports, Cases. | ||
| 700 | 1 |
_aPomerenke Paula J _96422 |
|
| 700 | 1 |
_aVarner Iris I _96423 |
|
| 942 | _cBK | ||
| 999 |
_c5543 _d5543 |
||